Igen vagy nem

Elmentve itt :
Bibliográfiai részletek
Szerző: SZÁSZ János
Adatforrás:Meister
Forrásdokumentuma:A Hét. -
29 sz., 1992, 1 p.
Nyelv:magyar
Kulcsszavak:politikai publicisztika
magyarok (romániai)
Kolozsvár
LEADER 00371nab a2200145 i 4500
001 bibPRO00005337
008 060524s1992 xx hun
040 |a Sz1 
041 |a hun 
100 1 |a SZÁSZ János 
245 1 0 |a Igen vagy nem  |c SZÁSZ János 
695 |a politikai publicisztika 
695 |a magyarok (romániai) 
695 |a Kolozsvár 
773 0 |t A Hét. -  |g 29 sz., 1992, 1 p.